<?xml version="1.0" encoding="UTF-8"?>
<record
    xmlns:xsi="http://www.w3.org/2001/XMLSchema-instance"
    xsi:schemaLocation="http://www.loc.gov/MARC21/slim http://www.loc.gov/standards/marcxml/schema/MARC21slim.xsd"
    xmlns="http://www.loc.gov/MARC21/slim">

  <leader>01008nam a2200241 a 4500</leader>
  <controlfield tag="001">BRCA_1025</controlfield>
  <controlfield tag="005">20190320203240.0</controlfield>
  <controlfield tag="008">900301s1990    nyua---##b---#000-0#eng-#</controlfield>
  <datafield tag="020" ind1=" " ind2=" ">
    <subfield code="a">0876637764</subfield>
  </datafield>
  <datafield tag="040" ind1=" " ind2=" ">
    <subfield code="a">DLC</subfield>
    <subfield code="c">DLC</subfield>
    <subfield code="d">DLC</subfield>
  </datafield>
  <datafield tag="050" ind1=" " ind2="4">
    <subfield code="a">F129.B7</subfield>
    <subfield code="b">.S77 1990</subfield>
  </datafield>
  <datafield tag="100" ind1="1" ind2=" ">
    <subfield code="a">Stayton, Kevin</subfield>
    <subfield code="9">3371</subfield>
  </datafield>
  <datafield tag="245" ind1="1" ind2="0">
    <subfield code="a">Dutch by Design</subfield>
    <subfield code="b">Tradition and Change in Two Historic Brooklyn Houses : The Schenck Houses at The Brooklyn Museum</subfield>
    <subfield code="c">Kevin L. Stayton.</subfield>
  </datafield>
  <datafield tag="260" ind1=" " ind2=" ">
    <subfield code="a">Nueva York</subfield>
    <subfield code="b">The Brooklyn Museum : Phaidon Universe</subfield>
    <subfield code="c">1990</subfield>
  </datafield>
  <datafield tag="300" ind1=" " ind2=" ">
    <subfield code="a">128 p.</subfield>
    <subfield code="b">il. (algunas a color)</subfield>
    <subfield code="c">28 cm.</subfield>
  </datafield>
  <datafield tag="500" ind1=" " ind2=" ">
    <subfield code="a">Incluye ap&#xE9;ndice</subfield>
  </datafield>
  <datafield tag="504" ind1=" " ind2=" ">
    <subfield code="a">Bibliograf&#xED;a : p. 121-127</subfield>
  </datafield>
  <datafield tag="650" ind1="1" ind2="4">
    <subfield code="a">Periodo colonial</subfield>
    <subfield code="x">Historia</subfield>
    <subfield code="y">1600-1775</subfield>
    <subfield code="9">3372</subfield>
  </datafield>
  <datafield tag="650" ind1="1" ind2="4">
    <subfield code="a">Holandeses am&#xE9;ricanos</subfield>
    <subfield code="x">Historia</subfield>
    <subfield code="y">Siglos XVII y XVIII</subfield>
    <subfield code="z">Nueva York (Estados Unidos)</subfield>
    <subfield code="9">3373</subfield>
  </datafield>
  <datafield tag="650" ind1="1" ind2="4">
    <subfield code="a">Holandeses am&#xE9;ricanos</subfield>
    <subfield code="x">Vida social y costumbres</subfield>
    <subfield code="z">Nueva York (Estados Unidos)</subfield>
    <subfield code="9">3374</subfield>
  </datafield>
  <datafield tag="650" ind1="1" ind2="4">
    <subfield code="a">Holandeses am&#xE9;ricanos</subfield>
    <subfield code="x">Dise&#xF1;o</subfield>
    <subfield code="z">Nueva York (Estados Unidos)</subfield>
    <subfield code="9">3375</subfield>
  </datafield>
  <datafield tag="942" ind1=" " ind2=" ">
    <subfield code="2">lcc</subfield>
    <subfield code="c">B</subfield>
  </datafield>
  <datafield tag="999" ind1=" " ind2=" ">
    <subfield code="c">905</subfield>
    <subfield code="d">905</subfield>
  </datafield>
  <datafield tag="952" ind1=" " ind2=" ">
    <subfield code="0">0</subfield>
    <subfield code="1">0</subfield>
    <subfield code="4">0</subfield>
    <subfield code="7">0</subfield>
    <subfield code="a">BRCA</subfield>
    <subfield code="b">BRCA</subfield>
    <subfield code="d">2008-06-26</subfield>
    <subfield code="l">0</subfield>
    <subfield code="o">F129.B7 .S77 1990</subfield>
    <subfield code="p">01513</subfield>
    <subfield code="r">2019-03-22 00:00:00</subfield>
    <subfield code="w">2019-03-22</subfield>
    <subfield code="y">B</subfield>
  </datafield>
</record>
